00678 2200217 4500001002100000005001700021008004100038035002400079040001200103082001200115090001700127245009400144260008000238300001900318650003000337700002800367700002900395850001200424999001200436999001200448YOGYA-0612000000006720120603204040.0 ind  0010-061200000000067 aYOPDYOG a899.223 a899.223bSej aSEJARAH Kanthicalih aksara Moelyono Sastronaryatmo ; alih bahasa Sudibjo Z. Hadisutjipto aJakartabDepdikbud Proyek Penerbitan Buku Sastra Indonesia dan Daerahc1981 a266 hlmc21 cm aKesasteraan Jawa - Cerita aHadisutjipto, Sudibjo Z aSastronaryatmo, Moelyono aYOPDYOG a61006-a a61005-a